Statistics for Most Populous US Capitals As Percent Of Their State

Click here to take the quiz!

General Stats

  • This quiz has been taken 40 times
  • The average score is 11 of 15

Answer Stats

%Capital% Correct
22.7Phoenix
91%
16.5Oklahoma City
85%
10.0Boston
82%
12.5Boise
79%
12.5Denver
79%
24.5Honolulu
79%
7.7Columbus
76%
13.0Indianapolis
71%
17.0Providence
71%
11.0Cheyenne
68%
9.7Nashville
68%
6.8Des Moines
62%
14.9Lincoln
59%
9.6Bismarck
56%
6.5Little Rock
50%

Score Distribution

Percentile by Number Answered

Percent of People with Each Score

Your Score History

You have not taken this quiz